000 00660cam a22002293a 4500
001 17965
003 PGUSA
005 20140828083401.0
008 060311s2006||||xxu|||||s|||||000 1 eng d
040 _aPGUSA
_beng
042 _adc
050 4 _aPR
100 1 _aOllivant, Alfred,
_d1874-1927
245 1 0 _aBoy Woodburn :
_bA Story of the Sussex Downs
_h[electronic resource] /
_cAlfred Ollivant
260 _bProject Gutenberg,
_c2006
506 _aPublic domain in the USA.
516 _aElectronic text
653 _aSussex (England) -- Fiction
830 0 _aProject Gutenberg
_v17965
856 4 0 _uhttp://www.gutenberg.org/ebooks/17965
942 _cEB
999 _c247220
_d247220